Dental pharmacology

Đã lưu trong:
書目詳細資料
主要作者: Toyoyuki Tamura
格式: 圖書
語言:Undetermined
出版: Tokyo, Japan 1975
主題:
標簽: 添加標簽
沒有標簽, 成為第一個標記此記錄!
Thư viện lưu trữ: Trung tâm Học liệu Trường Đại học Cần Thơ
LEADER 00442nam a2200169Ia 4500
001 CTU_26559
008 210402s9999 xx 000 0 und d
082 |a 615.1 
082 |b T159 
100 |a Toyoyuki Tamura 
245 0 |a Dental pharmacology 
245 0 |c Toyoyuki Tamura 
260 |a Tokyo, Japan 
260 |c 1975 
650 |a dental pharmacology 
904 |i Minh, 981014 
980 |a Trung tâm Học liệu Trường Đại học Cần Thơ